|
|
|
|
| LEADER |
02314nam a2200517 a 4500 |
| 001 |
nkc20071713673 |
| 003 |
CZ PrNK |
| 005 |
20080312133447.0 |
| 007 |
ta |
| 008 |
080102s2007 xr a f m 000 0 cze |
| 015 |
|
|
|a cnb001713673
|
| 020 |
|
|
|a 978-80-214-3399-1
|q (brož.)
|
| 035 |
|
|
|a (OCoLC)228497437
|
| 040 |
|
|
|a ABA001
|b cze
|
| 041 |
0 |
|
|a cze
|b eng
|
| 072 |
|
7 |
|a 621.3
|x Elektrotechnika
|2 Konspekt
|9 19
|
| 080 |
|
|
|a 621.313.33
|2 MRF
|
| 080 |
|
|
|a 681.5
|2 MRF
|
| 080 |
|
|
|a 519.673
|2 MRF
|
| 080 |
|
|
|a (043.5)
|2 MRF
|
| 100 |
1 |
|
|a Blaha, Petr,
|d 1973-
|7 jx20080102002
|4 aut
|
| 245 |
1 |
0 |
|a Algoritmy pro bezsnímačové řízení asynchronních motorů =
|b The algorithms for sensorless ac induction motor control : zkrácená verze habilitační práce /
|c Petr Blaha
|
| 246 |
3 |
1 |
|a Algorithms for sensorless ac induction motor control
|
| 260 |
|
|
|a Brno :
|b VUTIUM,
|c 2007
|
| 300 |
|
|
|a 31 s. :
|b il. ;
|c 24 cm
|
| 490 |
1 |
|
|a Vědecké spisy Vysokého učení technického v Brně. Habilitační a inaugurační spisy,
|x 1213-418X ;
|v sv. 231
|
| 500 |
|
|
|a Zkrácená verze habilitační práce--Vysoké učení technické v Brně, Fakulta elektrotechniky a komunikačních technologií, Ústav automatizace a měřicí techniky, 2007
|
| 504 |
|
|
|a Obsahuje bibliografii
|
| 546 |
|
|
|a Anglické resumé
|
| 650 |
0 |
7 |
|a elektrické asynchronní motory
|7 ph221548
|2 czenas
|
| 650 |
0 |
7 |
|a automatické řízení
|7 ph118694
|2 czenas
|
| 650 |
0 |
7 |
|a matematické modelování
|7 ph115240
|2 czenas
|
| 650 |
0 |
9 |
|a induction electric motors
|2 eczenas
|
| 650 |
0 |
9 |
|a automatic control
|2 eczenas
|
| 650 |
0 |
9 |
|a mathematical modeling
|2 eczenas
|
| 655 |
|
7 |
|a habilitační práce
|7 fd185153
|2 czenas
|
| 655 |
|
9 |
|a habilitation theses
|2 eczenas
|
| 710 |
2 |
|
|a Vysoké učení technické v Brně.
|b Ústav automatizace a měřicí techniky
|7 mzk2002195508
|
| 810 |
2 |
|
|a Vysoké učení technické v Brně.
|t Vědecké spisy.
|p Habilitační a inaugurační spisy
|0 s
|
| 910 |
2 |
|
|a BOA001
|b 2-1200.549
|
| 928 |
9 |
|
|a Vysoké učení technické v Brně
|
| 990 |
|
|
|a BK
|
| 995 |
|
|
|a 01
|
| 991 |
|
|
|b 200803
|c NOV
|
| 996 |
6 |
|
|b 2610336122
|c 2-1200.549
|l MZK
|r Sklad / do 1 hodiny
|n 1
|p p.v.
|w 000888870
|u 000010
|a 1
|e BOA001
|j MZK50
|s P
|
| 996 |
7 |
|
|b 2610336123
|c 2-1200.549
|l MZK
|r Sklad / do 1 hodiny
|n 11
|p p.v.
|w 000888870
|u 000020
|a 1
|e BOA001
|j MZK50
|s A
|